000 00393 a2200133 4500
001 91639
082 _aPR 1605
090 _c43795
_d43794
100 _aSajid Hussain; Sohail Mehboob Qureshi and Faraz Ahmad, Advisors
245 _aGPS Based Autonomous Guidance and Control System for a (UAV)
_n52 "B" EC
260 _aRawalpindi
_bNUST
_c2000
300 _a60p
500 _aBE Project Reports
942 _aCAE NUST
_kPR 1605
999 _c326712
_d326712